[Event "Challenge"]
[Site "http://www.queenalice.com/game.php?id=722272"]
[Date "2010.1.29"]
[Round "-"]
[White "Chem_Eng_SWC"]
[Black "babycrocket"]
[Result "0-1"]
[WhiteElo "1268"]
[BlackElo "1733"]

1. e4 e5 2. Qf3 Nc6 3. Bc4 Nf6 4. d3 Nd4 5. Bg5 Nxf3+ 6. gxf3 d6 7. Nh3 Bxh3 8.
Nc3 c6 9. Rg1 Bd7 10. Bh4 g6 11. b4 b5 12. Ne2 bxc4 13. dxc4 Bg7 14. Rd1 Qc7 15.
Rg5 O-O 16. c5 dxc5 17. bxc5 Rfe8 18. f4 exf4 19. f3 Rad8 20. Rd6 Qa5+ 21. c3
Re6 22. Rxe6 Bxe6 23. Nxf4 Qxc3+ 24. Kf2 Qe1+ 25. Kxe1 Bxa2 26. Rg2 Rd4 27. Ne2
Bc4 28. Nxd4 Bb5 29. Rb2 Nxe4 30. Ra2 Nc3 31. Rxa7 Bxd4 32. Ra8+ Kg7 33. Kd2 Na4
34. Rd8 Bxc5 35. Rc8 Nb6 36. f4 Nxc8 0-1

[Event "Challenge"]
[Site "http://www.queenalice.com/game.php?id=722831"]
[Date "2010.1.30"]
[Round "-"]
[White "cbarreiro"]
[Black "Chem_Eng_SWC"]
[Result "1-0"]
[WhiteElo "1141"]
[BlackElo "1288"]

1. e4 e5 2. Nf3 c6 3. Nxe5 Qf6 4. Nf3 Nh6 5. d4 Ng4 6. e5 Bb4+ 7. Bd2 Nxf2 8.
Kxf2 Bc5 9. exf6 gxf6 10. Qe1+ Kd8 11. Ba5+ b6 12. dxc5 d6 13. cxb6 axb6 14.
Bxb6+ Kd7 15. Nc3 Na6 16. Nd4 Re8 17. Be2 Re5 18. Rd1 Nc5 19. Nxc6 Rf5+ 20. Bf3
d5 21. Nxd5 Rxf3+ 22. Kxf3 Kxc6 23. Qe8+ Bd7 24. Qe4 Nxe4 25. Nb4+ Kxb6 26. Rxd7
Ng5+ 27. Ke2 Re8+ 28. Kd2 Ne4+ 29. Kd3 Nf2+ 30. Kd2 Ng4 31. Re1 Rxe1 32. Kxe1
Nxh2 33. Nd5+ Kc6 34. Nb4+ Kxd7 35. c4 h5 36. c5 Ng4 37. c6+ Kc7 38. a3 Ne3 39.
Na6+ Kxc6 40. Nb8+ Kb7 41. Nd7 Nxg2+ 42. Kf1 Ne3+ 43. Ke2 Nc4 44. Nc5+ Kb6 45.
Na4+ Kc6 46. b3 Nxa3 47. b4 Kb5 48. Nc3+ Kxb4 49. Nd5+ Kc4 50. Nxf6 Nc2 51. Nxh5
Nd4+ 52. Kf2 f5 53. Nf4 Nb3 54. Ne2 Nd2 55. Nc1 Ne4+ 56. Kf3 Nd2+ 57. Ke3 Nf1+
58. Kf2 Nd2 59. Na2 Ne4+ 60. Kf3 1-0

[Event "Challenge"]
[Site "http://www.queenalice.com/game.php?id=723268"]
[Date "2010.1.31"]
[Round "-"]
[White "samuelrmgs"]
[Black "Chem_Eng_SWC"]
[Result "0-1"]
[WhiteElo "1396"]
[BlackElo "1261"]

1. e4 e5 2. Qh5 g6 3. Qxe5+ Qe7 4. Qxh8 Qc5 5. Qxg8 Nc6 6. b3 Ne7 7. Qxh7 Nc6 8.
Bc4 Ne5 9. Qh8 Ng4 10. Nf3 Qxf2+ 11. Kd1 Qxg2 12. Rg1 Nf2+ 13. Ke2 Qh3 14. Kxf2
Qxh8 15. d3 Bc5+ 16. Kf1 Qxa1 17. Ng5 Qxb1 18. Kg2 Qxc2+ 19. Kh1 Qf2 20. Bxf7+
Ke7 21. Nh3 Qf3+ 0-1

[Event "Challenge"]
[Site "http://www.queenalice.com/game.php?id=724125"]
[Date "2010.2.1"]
[Round "-"]
[White "Chem_Eng_SWC"]
[Black "pokerninja"]
[Result "0-1"]
[WhiteElo "1274"]
[BlackElo "1221"]

1. e4 h5 2. h4 Nf6 3. c3 d5 4. Qf3 Nxe4 5. c4 f5 6. Qd3 c6 7. Nf3 e6 8. Ne5 Qf6
9. Qd4 c5 10. Qe3 Qxe5 11. cxd5 f4 12. Bb5+ Nc6 13. dxc6 fxe3 14. c7+ Bd7 15.
Na3 Nxf2 16. Nc4 Qe4 17. dxe3 Nxh1 18. Nd2 Qxg2 19. Ne4 Qxe4 20. Bd2 Bxb5 21.
Rd1 Qxh4# 0-1

[Event "SWC Challenge"]
[Site "http://www.queenalice.com/game.php?id=726081"]
[Date "2010.2.5"]
[Round "-"]
[White "Anna_Croft_SWC"]
[Black "Chem_Eng_SWC"]
[Result "1-0"]
[WhiteElo "1365"]
[BlackElo "1253"]

1. e4 e5 2. d3 Bc5 3. Nf3 Nh6 4. Nxe5 Qf6 5. Nf3 Ng4 6. d4 Bb4+ 7. c3 Nc6 8.
cxb4 Nxd4 9. Qxd4 Qxd4 10. Nxd4 O-O 11. Be2 f5 12. exf5 g6 13. Bxg4 Re8+ 14. Be3
Re4 15. h3 b6 16. fxg6 hxg6 17. O-O c5 18. Nb5 Rc4 19. Nd6 Rxb4 20. Nxc8 Rxc8
21. Bxd7 Rf8 22. b3 c4 23. Bf4 Rxf4 24. bxc4 Rbxc4 25. Be6+ Kg7 26. Nd2 Rc6 27.
Rfe1 Kf6 28. g3 Rd4 29. Nb3 Rxe6 30. Nxd4 Rd6 31. Nb5 Rd5 32. Nxa7 Rh5 33. Kg2
g5 34. g4 Rh4 35. Rab1 Rh7 36. Rxb6+ Kf7 37. Rc1 Rh8 38. Rc7+ Ke8 39. Rb8# 1-0

[Event "Challenge"]
[Site "http://www.queenalice.com/game.php?id=727482"]
[Date "2010.2.7"]
[Round "-"]
[White "rconley23"]
[Black "Chem_Eng_SWC"]
[Result "1-0"]
[WhiteElo "1023"]
[BlackElo "1279"]

1. e4 e5 2. Nf3 g6 3. Nc3 Nh6 4. Nxe5 Qf6 5. d4 d6 6. Bb5+ c6 7. Bc4 dxe5 8.
dxe5 Qh4 9. O-O Ng4 10. Bf4 Bh6 11. Bg3 Qh5 12. a4 f5 13. e6 O-O 14. e7+ Kg7 15.
exf8=Q+ Kxf8 16. Qd8+ Kg7 17. Qg8+ Kf6 18. e5+ Kg5 19. Qd8+ Nf6 20. Qxf6+ Kg4
21. Be2# 1-0

[Event "SWC Challenge"]
[Site "http://www.queenalice.com/game.php?id=733941"]
[Date "2010.2.18"]
[Round "-"]
[White "Wise_swc"]
[Black "Chem_Eng_SWC"]
[Result "1-0"]
[WhiteElo "1656"]
[BlackElo "1264"]

1. d4 e6 2. e3 Qf6 3. f3 Nh6 4. Bd3 Bb4+ 5. Bd2 Bd6 6. Ne2 Qh4+ 7. g3 Bxg3+ 8.
Nxg3 g6 9. Qe2 Nf5 10. Bxf5 gxf5 11. Na3 Rg8 12. O-O-O Qe7 13. Nb5 c6 14. Nc7+
Kd8 15. Nxa8 b6 16. a4 Ba6 17. c4 b5 18. axb5 cxb5 19. cxb5 Bb7 20. Qc4 Bxa8 21.
Ba5+ Ke8 22. Qc8+ Qd8 23. Qxd8# 1-0

[Event "Challenge"]
[Site "http://www.queenalice.com/game.php?id=735131"]
[Date "2010.2.20"]
[Round "-"]
[White "Chem_Eng_SWC"]
[Black "McKubik"]
[Result "0-1"]
[WhiteElo "1264"]
[BlackElo "1298"]

1. e4 e5 2. Bc4 Qe7 3. Qf3 d6 4. b3 Be6 5. Nh3 Nc6 6. d3 Nb4 7. Ng5 Nxc2+ 8. Kd1
Nxa1 9. Bb5+ c6 10. Nc3 cxb5 11. Nxb5 Qd7 12. d4 Qxb5 13. d5 Bd7 14. Qxf7+ Kd8
15. Qxf8+ Kc7 16. Qxa8 Qd3+ 17. Bd2 Qc2+ 18. Ke2 Nf6 19. Qxh8 Bb5+ 20. Kf3 Qd3+
21. Be3 Qe2+ 22. Kg3 Qg4# 0-1

[Event "Challenge"]
[Site "http://www.queenalice.com/game.php?id=736754"]
[Date "2010.2.23"]
[Round "-"]
[White "dandahud"]
[Black "Chem_Eng_SWC"]
[Result "0-1"]
[WhiteElo "1476"]
[BlackElo "1272"]

1. e4 e5 2. Bc4 Nh6 3. Qh5 g6 4. Qxe5+ Qe7 5. Qxh8 d6 6. Qxh7 Qxe4+ 7. Ne2 Bg4
8. b3 d5 9. f3 Qxc2 10. Na3 Qf5 11. Nd4 Qf4 12. Ne2 Qe5 13. Nc2 dxc4 14. fxg4
Nc6 15. d4 Qa5+ 16. Bd2 Qd5 17. Nf4 Qe4+ 18. Be3 Qxc2 19. g5 Qc3+ 20. Kf2 Ng4+
21. Kf3 Qxe3+ 22. Kxg4 f5+ 23. Kh4 Qxf4+ 24. Kh3 Qg4# 0-1

[Event "Challenge"]
[Site "http://www.queenalice.com/game.php?id=737411"]
[Date "2010.2.25"]
[Round "-"]
[White "rconley23"]
[Black "Chem_Eng_SWC"]
[Result "0-1"]
[WhiteElo "1121"]
[BlackElo "1264"]

1. e4 e5 2. Nf3 Qf6 3. d3 Bb4+ 4. Nc3 Nc6 5. d4 Nxd4 6. Bc4 Nh6 7. O-O Qg6 8.
Ng5 d6 9. Nd5 Ng4 10. Nxc7+ Kd8 11. Nxf7+ Kxc7 12. Nxh8 Qh5 13. Bd5 Qxh2# 0-1